[Event "Interzonal-16"]
[Site "Biel"]
[Date "1993.??.??"]
[Round "4"]
[White "Kortschnoj, Viktor Lvovich"]
[Black "Kamsky, Gata"]
[Result "1/2-1/2"]
[WhiteElo "2625"]
[BlackElo "2645"]
[Annotator "ChessBase"]
[PlyCount "67"]
[EventDate "1993.07.16"]
[EventType "swiss"]
[EventRounds "13"]
[EventCountry "SUI"]
[SourceTitle "CBM 037"]
[Source "ChessBase"]
[SourceDate "1993.12.01"]
[SourceVersion "1"]
[SourceVersionDate "1993.12.01"]
[SourceQuality "1"]

1. d4 Nf6 2. c4 e6 3. Nc3 c5 4. d5 exd5 5. cxd5 d6 6. e4 g6 7. Bd3 Bg7 8. Nge2
a6 9. a4 Nbd7 10. O-O O-O 11. h3 Re8 12. Bg5 $146 h6 13. Be3 Ne5 14. Bc2 Rb8
15. Qc1 h5 (15... Kh7 $142 $5) 16. Bg5 c4 17. Qf4 $16 b5 18. axb5 axb5 19. Nd4
Bd7 (19... b4 20. Ncb5 b3 21. Bb1 $16 {/\Na7}) 20. Nc6 (20. b4 $5 cxb3 21. Bxb3
b4 22. Nce2 $16) 20... Bxc6 21. dxc6 Nxc6 22. Rfd1 (22. Nd5 Nxd5 $1 23. exd5
Nd4 {/\Ne2}) 22... Ne5 23. Ra6 Re6 24. Nd5 $44 Qc8 $1 25. Rxd6 (25. Nxf6+ Bxf6
26. Raxd6 Nd3 $1 27. Bxd3 Bxg5 $19) 25... Nxd5 (25... Rxd6 $2 26. Ne7+) 26.
R6xd5 Qc6 27. Bd8 b4 $132 28. Qg3 b3 29. Bb1 Re8 30. Bg5 Rb5 31. Rd6 Qc7 {
/\Nd3,><b2} 32. Be3 c3 33. bxc3 Qxc3 34. R6d5 (34. R6d5 Rxd5 35. exd5 Nc4 36.
Bf4 $10) 1/2-1/2

[Event "Szirak"]
[Site "Szirak"]
[Date "1986.??.??"]
[Round "?"]
[White "Spraggett, Kevin"]
[Black "Hazai, Laszlo"]
[Result "1/2-1/2"]
[WhiteElo "2525"]
[BlackElo "2480"]
[Annotator "ChessBase"]
[PlyCount "36"]
[EventDate "1986.09.??"]
[EventType "tourn"]
[EventRounds "13"]
[EventCountry "HUN"]
[EventCategory "12"]
[SourceTitle "MCL"]
[Source "ChessBase"]
[SourceDate "1999.07.01"]
[SourceVersion "1"]
[SourceVersionDate "1999.07.01"]
[SourceQuality "1"]

1. d4 Nf6 2. c4 g6 3. Nc3 Bg7 4. e4 d6 5. f3 O-O 6. Be3 c5 7. Nge2 Nc6 8. d5
Ne5 9. Ng3 e6 10. Be2 exd5 11. cxd5 a6 12. a4 Bd7 $1 13. O-O (13. f4 Neg4 14.
Bd2 h5 15. h3 Nh6 16. e5 Nh7 17. O-O Re8 18. Nge4 Nf5 $13) 13... b5 $1 14. axb5
axb5 15. Rxa8 Qxa8 16. Bxb5 (16. Nxb5 Bxb5 17. Bxb5 Rb8 $10) 16... Rb8 (16...
Bxb5 17. Nxb5 Qa6 18. Na3 Rb8) 17. Bxd7 Nfxd7 $44 {18.Qc2,Qa6~/=} 18. Qc2 Qa6
1/2-1/2

[Event "Reykjavik International-09"]
[Site "Reykjavik"]
[Date "1980.03.07"]
[Round "11"]
[White "Petursson, Margeir"]
[Black "Sigurjonsson, Gudmundur"]
[Result "1/2-1/2"]
[WhiteElo "2425"]
[BlackElo "2475"]
[Annotator "ChessBase"]
[PlyCount "118"]
[EventDate "1980.02.23"]
[EventType "tourn"]
[EventRounds "13"]
[EventCountry "ISL"]
[EventCategory "10"]
[SourceTitle "EXT 1999"]
[Source "ChessBase"]
[SourceDate "1998.11.16"]
[SourceVersion "1"]
[SourceVersionDate "1998.11.16"]
[SourceQuality "1"]

1. d4 Nf6 2. c4 g6 3. Nc3 Bg7 4. e4 d6 5. f3 O-O 6. Bg5 c5 7. d5 e6 8. Qd2 exd5
9. cxd5 a6 10. a4 Qa5 11. Ra3 Nbd7 12. Nh3 Re8 13. Be2 Qb4 14. Nf2 Ne5 15. O-O
Nc4 16. Bxc4 Qxc4 17. Bf4 Bf8 18. Nd3 Nd7 19. Be3 Ne5 20. Nxe5 Rxe5 21. a5 Bd7
22. Rc1 Qb4 23. Na4 Qxd2 24. Bxd2 Ree8 25. Nb6 Rad8 26. b4 Bg7 27. Rb3 Bd4+ 28.
Be3 f5 29. bxc5 dxc5 30. Bxd4 cxd4 31. Re1 fxe4 32. fxe4 Bf5 33. e5 d3 34. Rb2
Re7 35. e6 Kf8 36. Rd2 h5 37. h3 h4 38. Rf1 Ke8 39. Rf4 Rh7 40. Kf2 Ke7 41. Ke3
Rh5 42. Rc4 Kd6 43. Ra4 Ke5 44. Rd4 Rh7 45. Nc4+ Kf6 46. Nb2 Rc7 47. Nxd3 Rc3
48. Rf2 Ke7 49. Rd2 Ra3 50. Kf2 Rxa5 {[#]} 51. Ne5 Bxe6 52. Nxg6+ Kf6 53. dxe6
Rxd4 54. Rxd4 Kxg6 55. Re4 Rf5+ 56. Ke3 Rf8 57. Kd4 Kf6 58. Kc5 Ke7 59. Kb6 Rf2
1/2-1/2

[Event "Candidates sf2"]
[Site "London"]
[Date "1989.10.04"]
[Round "3"]
[White "Timman, Jan H"]
[Black "Speelman, Jonathan S"]
[Result "1/2-1/2"]
[WhiteElo "2635"]
[BlackElo "2615"]
[Annotator "ChessBase"]
[PlyCount "93"]
[EventDate "1989.10.??"]
[EventType "match"]
[EventRounds "8"]
[EventCountry "ENG"]
[SourceTitle "Candidates"]
[Source "ChessBase"]
[SourceDate "1999.07.01"]
[SourceVersion "2"]
[SourceVersionDate "1999.07.01"]
[SourceQuality "1"]

1. d4 Nf6 2. c4 g6 3. Nc3 Bg7 4. e4 d6 5. f3 O-O 6. Be3 c5 7. d5 e6 8. Qd2 exd5
9. cxd5 a6 10. a4 Re8 11. Nge2 Nbd7 12. Ng3 $6 (12. Nc1 $5) 12... h5 $15 13.
Be2 h4 14. Nf1 Ne5 $6 (14... Nh7) 15. Bg5 $1 h3 16. g4 Qa5 17. Ng3 $6 {17.Ra3,
17.Nd1} b5 18. O-O b4 19. Nd1 c4 20. Be3 (20. Bh6 $1 Bh8 $13) 20... Nfd7 21. f4
Nc5 $5 (21... Nd3 22. Bxd3 cxd3 23. Qxd3 Nf6 24. Nf2 $13) 22. fxe5 Nb3 23. Qe1
Nxa1 24. Qf2 Rf8 25. Bxc4 Qxa4 26. exd6 b3 $2 (26... Qc2 $1 27. Be2 Nb3 $17)
27. Bd4 $1 $10 Bxd4 (27... Qxc4 28. Bxg7 Kxg7 29. Qf6+ Kh7 30. Nh5 gxh5 31. Rf5
Bxf5 32. Qxf5+ $10) 28. Qxd4 Nc2 29. Qc3 Bd7 (29... Qb4 30. Bxb3 $16) 30. Nh5
$1 (30. Bxb3 Qd4+ 31. Nf2 Qxc3 32. bxc3 Ne3 33. Re1 Rfb8 $17) 30... gxh5 31.
Qf6 {Andere Quellen geben: 31.Qe5} Qxc4 $6 (31... Kh7 32. Qg5 f6 $10) 32. Qg5+
Kh8 33. Qxh5+ Kg7 34. Qg5+ Kh8 35. Qh6+ Kg8 36. Qg5+ Kh8 37. Rf6 Qxe4 38. Rh6+
Qh7 39. Qf6+ Kg8 40. Rxh7 Kxh7 41. Nf2 Rae8 42. Nxh3 Re1+ $2 (42... Bb5 43.
Ng5+ Kg8 44. d7 Re1+ 45. Kg2 Ne3+ 46. Kg3 Bxd7 47. Qh6 Bf5 $1) 43. Kf2 Bb5 44.
Nf4 $2 (44. Ng5+ Kg8 45. Qh6 Bd3 46. d7 Re2+ 47. Kg3 Re3+ 48. Kf4 $16 (48. Kh4
$6 Ne1 $1 49. Qxf8+ Kxf8 50. d8=Q+ Kg7)) 44... Rf1+ 45. Kg3 Ne1 46. Qf5+ Kg8
47. Qg5+ 1/2-1/2

[Event "Cappelle op 29th"]
[Site "Cappelle la Grande"]
[Date "2013.02.23"]
[Round "1"]
[White "Svetushkin, Dmitry"]
[Black "Loiseau, Quentin"]
[Result "0-1"]
[WhiteElo "2612"]
[BlackElo "2374"]
[Annotator "ChessBase Website"]
[PlyCount "62"]
[EventDate "2013.02.23"]
[EventType "swiss"]
[EventRounds "9"]
[EventCountry "FRA"]
[SourceTitle "CBM 153 Extra"]
[Source "ChessBase"]
[SourceDate "2013.04.22"]
[SourceVersion "1"]
[SourceVersionDate "2013.04.22"]
[SourceQuality "1"]

1. d4 Nf6 2. c4 c5 3. d5 e6 4. Nc3 exd5 5. cxd5 d6 6. e4 g6 7. Nge2 Bg7 8. Ng3
O-O 9. Be2 b6 10. O-O Ba6 11. Bf4 Re8 12. Re1 h5 13. Bg5 Qd7 14. f4 Ng4 15. e5
dxe5 16. f5 Bxe2 17. Qxe2 e4 18. h3 Bd4+ 19. Kh1 Nf2+ 20. Kh2 e3 21. Qc2 Na6
22. a3 f6 23. Bh6 h4 24. Nf1 g5 25. Kg1 Kh7 26. Qe2 Kxh6 27. Qxa6 Qxf5 28. Qe2
Nd3 29. Nh2 Nxe1 30. Ng4+ Kg7 31. Rxe1 {It is certainly nice to beat an
opponent rated 240 Elo above one's self, but to do it in style is icing on the
cake. Black to play and win} Qf2+ $3 (31... Qf2+ 32. Nxf2 exf2+ 33. Qxf2 Rxe1+)
0-1

[Event "Stockholm"]
[Site "Stockholm"]
[Date "2002.08.05"]
[Round "3"]
[White "Ernst, Thomas"]
[Black "Gritsak, Orest"]
[Result "0-1"]
[WhiteElo "2462"]
[BlackElo "2542"]
[Annotator "Ernst,T"]
[PlyCount "104"]
[EventDate "2002.08.03"]
[EventType "tourn"]
[EventRounds "9"]
[EventCountry "SWE"]
[EventCategory "8"]
[SourceTitle "CBM 091"]
[Source "ChessBase"]
[SourceDate "2002.11.12"]
[SourceVersion "1"]
[SourceVersionDate "2002.11.12"]
[SourceQuality "1"]

1. e4 g6 2. d4 Bg7 3. c4 d6 4. Nc3 Nf6 5. f3 O-O 6. Be3 c5 7. Nge2 Nc6 8. d5
Ne5 9. Ng3 e6 10. Be2 exd5 11. cxd5 h5 12. O-O Nh7 13. Qd2 h4 14. Nh1 g5 15.
Nf2 Qf6 16. Kh1 Bd7 17. a4 Kh8 $2 (17... a6 18. a5 Rae8 19. Na4 $14) 18. Rab1
Rac8 19. Nfd1 a6 20. b4 c4 21. a5 Nd3 22. Bxd3 $2 (22. b5 $1 Qg6 (22... Nf4 23.
bxa6 Nxe2 24. Qxe2 bxa6 25. Rb6 $16) 23. bxa6 bxa6 24. Rb7 Rfd8 25. Bxd3 cxd3
26. Qxd3 $16) 22... cxd3 23. Rb3 Rc4 $44 (23... h3 24. g3 Bg4 25. f4 $14) 24.
Qxd3 Rfc8 25. b5 h3 26. g3 g4 27. bxa6 bxa6 28. f4 $2 (28. fxg4 Qg6 $44) 28...
Qe7 29. Re1 f5 30. exf5 Qf8 (30... Qf7 31. Ne4 $2 Rxe4 32. Qxe4 Bxf5 $19) 31.
Bf2 Bxf5 32. Qd2 Qf6 33. Re3 $2 (33. Kg1 Kg8 $44 34. Re3) 33... Qf7 34. Kg1 Nf6
35. Rb6 Ne4 36. Nxe4 Bxe4 37. Rxd6 Rd4 38. Qxd4 (38. Qe2 Rc1 39. Rxe4 Rdxd1+
40. Be1 Rxe1+ 41. Qxe1 Qc7 $19) 38... Bxd4 39. Rxe4 Bxf2+ 40. Kxf2 Rc2+ 41. Re2
Rxe2+ 42. Kxe2 Qe8+ $19 43. Kd2 Qa4 44. Nc3 Qd4+ 45. Kc2 Qf2+ 46. Kb3 Qxh2 47.
Rxa6 Qxg3 48. Rh6+ Kg7 49. a6 Qe3 50. Re6 Qxe6 51. dxe6 h2 52. e7 Kf7 0-1

[Event "London WFW"]
[Site "London"]
[Date "1991.??.??"]
[Round "?"]
[White "Conquest, Stuart"]
[Black "Davies, Nigel Rodney"]
[Result "1-0"]
[WhiteElo "2460"]
[BlackElo "2500"]
[Annotator "Ftacnik,L"]
[PlyCount "51"]
[EventDate "1991.05.??"]
[EventType "tourn"]
[EventRounds "13"]
[EventCountry "ENG"]
[EventCategory "11"]
[SourceTitle "CBM 024"]
[Source "ChessBase"]
[SourceDate "1991.10.01"]
[SourceVersion "1"]
[SourceVersionDate "1991.10.01"]
[SourceQuality "1"]

1. d4 Nf6 2. c4 g6 3. Nc3 Bg7 4. e4 d6 5. h3 O-O 6. Bg5 c5 7. d5 a6 8. a4 e6 9.
Bd3 Nbd7 10. Nf3 exd5 11. cxd5 Qc7 12. O-O Rb8 13. Re1 c4 14. Bf1 Re8 $6 (14...
b5 15. axb5 axb5 16. b4 cxb3 17. Nxb5 Qb6 18. Rb1 Nc5 19. Nd2 Ba6 20. Nxb3 Bxb5
21. Nxc5 Qxc5 22. Be3 Qa3 23. Rxb5 Rxb5 24. Bxb5 Nxe4 $10 {Lukov,V-Tal,M/
Tbilisi/1988/}) 15. Rc1 b5 (15... Nc5 16. Bxc4 Nfxe4 17. Nxe4 Rxe4 18. Rxe4
Nxe4 19. Bd3 Nc5 20. b4 $18) 16. axb5 axb5 17. Nd4 $1 b4 (17... Ba6 18. b4 $1
$16) 18. Ncb5 Qb6 (18... Qa5 19. Nxd6 $18) 19. Rxc4 Nc5 (19... Rxe4 20. Rxe4 (
20. Rc6 $16) 20... Nxe4 21. Nc6 Nxg5 22. Nxb8 Qxb8 23. Qc1 Nb6 24. Qxg5 Nxc4
25. Qd8+ Bf8 26. Bxc4 $16) 20. Nc6 $1 Ncxe4 (20... Qxb5 21. Rxc5 $1 (21. Rxb4
Qxb4 22. Nxb4 Rxb4 $17) 21... Qxc5 22. Be3 Qxe3 23. Rxe3 $18) 21. Be3 Qxb5 22.
Rxe4 $1 Rxe4 (22... Qb7 23. Rxe8+ Nxe8 24. Ba7 $18) 23. Bxb5 Rxb5 24. Bd4 Bf5 (
24... Rxd5 25. Rxe4 Nxe4 26. Ne7+ $18) 25. Rxe4 Bxe4 26. Qa4 {Ftacnik,L} 1-0

[Event "Budapest m"]
[Site "Budapest"]
[Date "1993.??.??"]
[Round "7"]
[White "Spassky, Boris Vasilievich"]
[Black "Polgar, Judit"]
[Result "1/2-1/2"]
[WhiteElo "2565"]
[BlackElo "2595"]
[Annotator "Ftacnik,L"]
[PlyCount "46"]
[EventDate "1993.01.??"]
[EventType "match"]
[EventRounds "10"]
[EventCountry "HUN"]
[SourceTitle "CBM 033"]
[Source "ChessBase"]
[SourceDate "1993.04.01"]
[SourceVersion "1"]
[SourceVersionDate "1993.04.01"]
[SourceQuality "1"]

1. d4 Nf6 2. c4 g6 3. Nc3 Bg7 4. e4 d6 5. f3 O-O 6. Nge2 c5 7. d5 e6 8. Ng3
exd5 9. cxd5 h5 10. Be2 (10. Bd3 $5 h4 11. Nge2) (10. Bg5 Qb6 11. Qd2 Nh7 12.
Be3 Nd7 13. Nge2 Ne5 14. Nf4 a6 15. Be2 Qa5 16. O-O b5 17. Qc2 Bd7 18. Bd2 Qb6
19. Be3 Nc4 20. Bxc4 bxc4 21. Rab1 Rab8 22. Qd2 Qa5 23. Nfe2 Rfe8 $13 {Gulko,
B-Spraggett,K/Hastings/1989/}) 10... Nbd7 $1 (10... h4 11. Nf1 Nh5 $6 12. g4 $1
) 11. O-O a6 12. a4 h4 13. Nh1 Nh5 14. Be3 Bd4 $5 15. Bxd4 cxd4 16. Qxd4 Qg5
17. Rad1 f5 (17... Nf4 18. g3 Nh3+ 19. Kg2 Nf4+ 20. Kf2 Nh3+ 21. Ke1 $14) 18.
exf5 (18. Nf2 $2 Nf4 19. g4 hxg3 $19) (18. Bd3 Ne5 $40) 18... Nf4 19. g3 Rxf5
20. Bd3 Nh3+ 21. Kg2 Nf4+ 22. Kg1 (22. Kf2 $2 Nxd3+ 23. Rxd3 Ne5) 22... Nh3+
23. Kg2 Nf4+ 1/2-1/2

[Event "Interzonal-14a"]
[Site "Subotica"]
[Date "1987.??.??"]
[Round "17"]
[White "Ernst, Thomas"]
[Black "Tal, Mihail"]
[Result "0-1"]
[WhiteElo "2465"]
[BlackElo "2605"]
[Annotator "Ftacnik,L"]
[PlyCount "118"]
[EventDate "1987.06.??"]
[EventType "tourn"]
[EventRounds "17"]
[EventCountry "YUG"]
[EventCategory "11"]
[SourceTitle "CBM 003"]
[Source "ChessBase"]
[SourceDate "1988.04.01"]
[SourceVersion "1"]
[SourceVersionDate "1988.04.01"]
[SourceQuality "1"]

1. e4 g6 2. d4 Bg7 3. c4 d6 4. Nc3 Nf6 5. f3 O-O 6. Bg5 c5 7. d5 h6 8. Be3 e6
9. Qd2 exd5 10. cxd5 h5 11. Nge2 Nbd7 12. Nc1 Ne5 13. Be2 Nh7 14. O-O f5 $6 (
14... Qe7) (14... Re8 $5) 15. f4 Nf7 $146 (15... Ng4 16. Bxg4 hxg4 17. e5 $1
$36 (17. N1e2 $14)) 16. e5 (16. Bd3 Qf6 $5 $13 (16... Nh6 17. e5 Ng4 $13))
16... dxe5 17. Bxc5 Re8 18. Nd3 (18. Nb3 {/\d6,Bc4} exf4 19. d6 $36) 18... e4
19. Nf2 Nf6 20. Nfd1 b6 21. Bd4 Bb7 22. Ne3 Nd6 23. Nc4 $6 (23. Rfd1 $142 $14 {
/\Rac1}) 23... Nxc4 24. Bxc4 Rc8 25. b3 (25. Bb5 Rf8 {><d5}) (25. Bb3 Kh7 {
/\Ba6-d3|^}) 25... Kh7 26. Rac1 a6 27. a4 Qd6 28. g3 (28. Be5 $2 Rxe5 29. fxe5
Qxe5 $44 {/\Ng4,Bh6->}) 28... Rcd8 (28... h4 $5 $13) 29. Rcd1 Re7 30. Rfe1 Ne8
31. Bxg7 Rxg7 32. Qd4 Re7 33. h4 Nf6 34. Re2 Ng4 35. Ree1 Rc8 36. Rd2 Rd7 37.
Rdd1 (37. Rxe4 $2 fxe4 38. Nxe4 Qe7 39. Ng5+ Kh6 40. Re2 Qc5 $19) 37... Qf6 38.
Qxf6 (38. d6 Rcd8 $17) 38... Nxf6 39. Rd4 Ne8 40. Nd1 Nd6 41. Ne3 b5 $36 42.
axb5 axb5 43. Bf1 Rc5 $15 44. Kf2 Rdc7 45. Rb4 Kg7 46. Rd1 Kf6 47. Rbd4 Rc3 48.
Rb4 Bc8 49. Ra1 Bd7 50. Be2 Ke7 51. Bf1 Rc1 52. Rxc1 Rxc1 53. Ke2 Ra1 54. Kd2
Ra2+ 55. Nc2 $2 (55. Ke1 Kd8 56. Rd4 Rb2 57. b4 Kc7 {/\Ne8,Kd6,Nc7-a6-+}) 55...
e3+ $1 $19 56. Kd1 (56. Kd3 Ne4 57. Nxe3 Rd2#) (56. Kc1 Ne4 57. Bxb5 Bxb5 58.
Rxb5 Rxc2+ 59. Kxc2 e2 $19) 56... Ne4 57. Nxe3 Kd6 $1 (57... Ra1+ 58. Kc2 Re1
59. Kd3 Nxg3 60. Bg2 $17) 58. Rd4 Kc5 59. Nc2 Nc3+ (59... Nc3+ 60. Kc1 Rxc2+
61. Kxc2 Kxd4 $19) 0-1

[Event "EU-ch 5th"]
[Site "Antalya"]
[Date "2004.05.23"]
[Round "8"]
[White "Akesson, Ralf"]
[Black "Jobava, Baadur"]
[Result "0-1"]
[WhiteElo "2476"]
[BlackElo "2616"]
[Annotator "Ftacnik,L"]
[PlyCount "54"]
[EventDate "2004.05.15"]
[EventType "swiss"]
[EventRounds "13"]
[EventCountry "TUR"]
[SourceTitle "CBM 101"]
[Source "ChessBase"]
[SourceDate "2004.07.27"]
[SourceVersion "1"]
[SourceVersionDate "2004.07.27"]
[SourceQuality "1"]

1. d4 Nf6 2. c4 e6 3. Nc3 c5 4. d5 exd5 5. cxd5 g6 6. e4 d6 7. Bd3 Bg7 8. h3
O-O 9. Bg5 Bd7 $5 {Excellent active move, that is puting the potential of
white's concept under doubt.} 10. a4 (10. Nf3 b5 11. a3 (11. b3 Qa5 12. Bd2 b4
13. Ne2 Re8 14. Qb1 Bb5 15. O-O Bxd3 16. Qxd3 Qa6 17. Qxa6 Nxa6 18. Ng3 Nxe4
19. Nxe4 Rxe4 {0-1 Hrtanek,J-Sikora Lerch,J/Karvina 2001/ (35)}) 11... c4 12.
Bc2 Na6 13. O-O b4 14. axb4 Nxb4 15. e5 dxe5 16. Nxe5 h6 17. Bh4 Nxc2 18. Qxc2
Bf5 19. Qa4 g5 20. Nc6 Qd7 21. Bg3 Ne4 22. Nxe4 Bxe4 23. Qxc4 {1-0 Varga,
P-Sikora Lerch,J/Slovakia 1998/ (32)}) (10. Qd2 b5 11. Bxb5 Bxb5 12. Nxb5 Qb6
13. Bxf6 Bxf6 14. Nc3 Bxc3 15. Qxc3 Re8 16. O-O-O Rxe4 17. Nf3 Na6 18. Rhe1 Nb4
19. Kb1 Rxe1 20. Nxe1 Re8 {0-1 Olarasu,G-Nevednichy,V/Agneaux 1999/ (28)})
10... Na6 11. Nf3 (11. f4 Nb4 12. Nf3 h6 13. Bh4 Nxd3+ 14. Qxd3 Qb6 $13) 11...
Nb4 12. Be2 (12. O-O $5 Re8 13. Re1 Nxd3 14. Qxd3 h6 15. Bf4 $13) 12... h6 13.
Bf4 (13. Bh4 Re8 14. Nd2 Qe7 $36) 13... Qe7 14. Nd2 (14. e5 Ne8 15. exd6 Nxd6
16. O-O Rfe8 $11) 14... Rfe8 15. O-O (15. Be3 Nh7 16. Nc4 Ng5 $132) 15... Nfxd5
$5 {[%mdl 1024] Somewhat shocking parade against white forces in the center,
Jobava is gaining 3 pawns for the piece.} 16. exd5 (16. Nxd5 Nxd5 17. exd5 Qxe2
18. Bxd6 Bxb2 19. Ra2 Bd4 $17) 16... Bxc3 17. bxc3 Nxd5 18. Be3 (18. Bxd6 Qxe2
$17) 18... Nxc3 (18... Nxe3 19. fxe3 Qxe3+ 20. Rf2 Qxc3 21. Rc1 $14) 19. Qe1 d5
$1 20. Bf3 (20. Bd3 d4 21. Nb3 Bxa4 $19) 20... d4 21. Nb3 (21. Bxh6 Qh4 22. Be3
dxe3 23. fxe3 Qxe1 24. Rfxe1 Rad8 $17) 21... Qf6 (21... Be6 22. Nxd4 cxd4 23.
Bxd4 $11) (21... Rac8 $5 22. Bxb7 Rc7 23. Bf3 Qf6 24. Rc1 Bxa4 25. Rxc3 dxc3
26. Nc1 $15) 22. Qd2 $2 {White was surely not feeling well under the pressure
along the e file, but the queen's forray is tactically rather flawed.} (22.
Bxb7 $5 Rab8 (22... dxe3 23. fxe3 $1 Qe5 24. Bxa8 Rxa8 $11) 23. Nxc5 Qd6 24.
Nxd7 Rxb7 25. Nf6+ Qxf6 26. Bxd4 Rxe1 27. Bxf6 $11) 22... dxe3 23. Qxd7 (23.
fxe3 Rad8 $19) 23... Rad8 24. Qg4 (24. Qc7 e2 25. Rfe1 Rd1 26. Kh2 Rxa1 27.
Nxa1 Qd4 28. Nb3 Qxf2 $17) 24... e2 25. Rfe1 Rd1 26. Kh2 $2 (26. Qc4 Rxa1 27.
Nxa1 Qd4 28. Qb3 Qd2 29. Nc2 c4 30. Qb2 Re6 $17) 26... Rxa1 27. Nxa1 Qd6+ 0-1

[Event "Budapest m"]
[Site "Budapest"]
[Date "1993.??.??"]
[Round "5"]
[White "Spassky, Boris Vasilievich"]
[Black "Polgar, Judit"]
[Result "1/2-1/2"]
[WhiteElo "2565"]
[BlackElo "2595"]
[Annotator "Ftacnik,L"]
[PlyCount "68"]
[EventDate "1993.01.??"]
[EventType "match"]
[EventRounds "10"]
[EventCountry "HUN"]
[SourceTitle "CBM 033"]
[Source "ChessBase"]
[SourceDate "1993.04.01"]
[SourceVersion "1"]
[SourceVersionDate "1993.04.01"]
[SourceQuality "1"]

1. d4 Nf6 2. c4 g6 3. Nc3 Bg7 4. e4 d6 5. h3 O-O 6. Bg5 c5 7. d5 e6 8. Bd3 exd5
9. cxd5 Qe8 $5 (9... Re8) (9... h6 10. Be3 b5 $5 11. Nxb5 Na6 12. Ne2 Rb8 13.
O-O Qd7 14. Nec3 Nb4 15. Be2 Re8 16. a3 a6 17. axb4 cxb4 {Gulko-Sherzer/USA-ch/
1992/ TD 1992/ 10}) 10. Qe2 (10. Nb5 $2 Nxe4 $1 11. Nc7 Nc3+ $1 12. Nxe8 Rxe8+
13. Ne2 Nxd1 14. Rxd1 Bxb2 $19) 10... a6 11. a4 Nbd7 12. Nf3 Ne5 $1 13. O-O
Nfd7 14. Nd2 Nxd3 15. Qxd3 Ne5 16. Qg3 (16. Qe3 $5) 16... f5 $1 17. f4 $1 Nf7
18. exf5 (18. Bh4 $5 Bxc3 $6 19. Qxc3 $1 fxe4 20. Rae1 Bf5 21. g4 $16) 18...
Bxf5 $2 (18... Nxg5 $1 19. fxg6 (19. Qxg5 Qe3+) (19. fxg5 Be5) 19... Bd4+ 20.
Kh2 Qe3 $17) 19. Rae1 Qb8 20. Nde4 Nxg5 21. fxg5 (21. Nxg5 b5 22. Ne6 Rf7 $13)
21... Bd4+ $1 (21... Be5 22. Nf6+ $1 Rxf6 (22... Bxf6 23. gxf6 Rxf6 24. Ne4 $16
) 23. Rxe5 $1 Rf7 24. Re3 b5 25. Rfe1) 22. Kh1 Bxc3 23. bxc3 Bxe4 24. Rxf8+
Qxf8 25. Rxe4 b5 26. axb5 (26. a5 Rb8 27. Re6 b4 28. cxb4 cxb4 29. Rxd6 b3 30.
Rf6) (26. Re6 $6 bxa4 27. Rxd6 a3 28. Rf6 Qe8 29. Re6 a2 $1 30. Qe1 Qb8 31. Rf6
Qb1 32. Rf1 Qxe1 33. Rxe1 Rb8 $19) 26... axb5 27. Re6 b4 (27... Ra1+ $2 28. Kh2
Qf1 29. Qxd6 $18) 28. cxb4 cxb4 29. Kh2 (29. Rxd6 Ra3 30. Qe5 Rxh3+ $1 31. Kg1
Re3 $1 $10) 29... Rb8 30. Rxd6 b3 31. Rf6 (31. Rd7 b2 32. Qh4 Qg7 $3 $10) 31...
Qc8 32. Rc6 Qf8 33. Rf6 Qe8 34. Re6 Qf8 1/2-1/2

[Event "Budapest m"]
[Site "Budapest"]
[Date "1993.??.??"]
[Round "9"]
[White "Spassky, Boris Vasilievich"]
[Black "Polgar, Judit"]
[Result "1/2-1/2"]
[WhiteElo "2565"]
[BlackElo "2595"]
[Annotator "Ftacnik,L"]
[PlyCount "112"]
[EventDate "1993.01.??"]
[EventType "match"]
[EventRounds "10"]
[EventCountry "HUN"]
[SourceTitle "CBM 033"]
[Source "ChessBase"]
[SourceDate "1993.04.01"]
[SourceVersion "1"]
[SourceVersionDate "1993.04.01"]
[SourceQuality "1"]

1. d4 Nf6 2. c4 g6 3. Nc3 Bg7 4. e4 d6 5. f3 O-O 6. Nge2 c5 7. d5 e6 8. Ng3
exd5 9. cxd5 h5 10. Be2 Nbd7 11. Bg5 $1 (11. O-O a6 12. a4 h4 13. Nh1 Nh5 {
Spassky,B-Polgar,J (07)/Budapest m/1993/1/2-1/2/23/}) 11... Qa5 $6 (11... a6
12. a4 $5 Qc7 {/\ Nd7-e5, c5-c4}) 12. Qd2 a6 13. O-O $1 $16 (13. a4 b5) 13...
b5 14. a4 b4 15. Nd1 {/\ Nd1-e3-c4} c4 $5 16. Rc1 $1 (16. Bxc4 $2 Qc5+ 17. Ne3
Nh7 $1 18. Bf4 g5) 16... c3 $5 17. bxc3 b3 18. Nb2 Nc5 19. Nc4 Qc7 20. a5 $1
Rb8 21. Rb1 Bd7 22. Qf4 $1 Ne8 (22... Nh7 23. Be7) 23. Bh6 $6 (23. Be7 $1 Bb5
24. Bxf8 $5 (24. Bxd6 $5) 24... Kxf8 25. Nb6 $1 $18) 23... f6 24. Bxg7 Kxg7 25.
Qe3 h4 26. Nh1 Bb5 27. Nf2 Nd7 $1 28. Nd2 Bxe2 29. Qxe2 Nc5 30. Qd1 $6 (30. Qc4
$1 $18 Qxa5 31. Nxb3 Qa2 (31... Nxb3 32. Rxb3 Nc7 33. Nd3 Nb5 34. Nf4 Rfc8 35.
Ne6+ Kf7 36. Qb4) 32. Nd2 (32. Nxc5 $5)) 30... Na4 $1 31. Rxb3 Nxc3 32. Qe1
Rxb3 33. Nxb3 Qc4 $1 34. Nc1 Nc7 35. Ncd3 Qd4 36. Kh1 {/\ Qe1-d2, Nf2-g4} f5 $5
37. exf5 Rxf5 38. Qe7+ Rf7 39. Qxd6 N3b5 (39... N7xd5 40. Ne5 Rf6 41. Qd7+ {
/\ Nf2-g4}) 40. Qe5+ Qxe5 41. Nxe5 Rf5 42. Nfd3 Nxd5 43. Re1 $16 Nf4 44. Nb4 $6
Nc3 45. Nxa6 Nce2 46. Nc6 Rg5 $1 47. Nc7 (47. Nab4 $6 Rxg2 48. a6 $2 Ng3+ $1 (
48... h3 $5 49. a7 Nh5 50. Rxe2 Rxe2 51. Kg1 Rg2+ 52. Kf1 Rxh2 53. a8=Q Ng3+
54. Ke1 Re2+ 55. Kd1 h2 $19) 49. hxg3 hxg3 $19 50. a7 Rh2+ 51. Kg1 Nh3+ 52. Kf1
Rf2#) 47... Rc5 $1 (47... Rxg2 48. Ne6+ $1 Kh6 49. Nxf4 Nxf4 50. Re4 $18) 48.
a6 Rxc6 49. a7 Nd3 $1 {/\ Nd3-f2#} 50. h3 (50. g4 h3 $19) (50. Rf1 Rc1 51. Rxc1
Nf2#) 50... Rxc7 51. a8=Q Nxe1 52. Kh2 Nd4 53. Qe4 Nexf3+ 54. gxf3 Rc2+ 55. Kg1
Rc1+ 56. Kf2 Rc2+ 1/2-1/2